000 00664nam a2200289Ia 4500
005 20260324133740.0
008 008 260324s9999 xx 000 0 eng d
020 _a9781849772853
037 _aEBOOK
040 _aCRL
040 _beng
040 _cCRL
041 _2eng
041 _aeng
084 _qCRL
100 _aColin Mason
_91186308
245 4 _aThe 2030 Spike
245 0 _bCountdown to Global Catastrophe
260 _bTaylor and Francis
260 _c2003
365 _a
365 _b68.99
856 _uhttp://www.taylorfrancis.com/books/9781849772853
942 _cEBOOK
999 _c1793623
_d1793623